000 00499nam a2200169 i 4500
001 32709
003 ES-MaACL
005 20230906154624.0
007 t|
008 030131s1963 sp ||||1| spa d
100 1 _aBerthold, Will.
_928453
245 1 0 _aDivisión Brandeburgo /
_cWill Berthold ; [versión española de Jaime Maestro].
260 _aBarcelona :
_bLuis de Caralt,
_c[1963]
300 _a227 p. ;
_c22 cm.
700 1 _aMaestro, Jaime.
_975406
852 _aES-MaACL
_jC-22995
_bR.51772
999 _c32709
_d32709